000 00551nam a22001817a 4500
003 OSt
005 20140310182252.0
008 130916t xxu||||| |||| 00| 0 eng d
050 _aPN 2085
_b.In61T 2007
110 _aInternational Baccalaureate.
_920125
245 _aTheatre :
_bteacher support material /
_cInternational Baccalaureate
260 _aUnited Kingdom :
_bInternational Baccalaureate,
_cc2007.
300 _a144 p. ;
_c29 cm.
440 _aFirst examinations 2009.
_914674
650 _aTheatre
_920127
942 _2lcc
999 _c11400
_d11400